000 00337nam a2200145Ia 4500
008 230718s9999 xx 000 0 und d
041 _aEng.
082 _a344.41
_bHUD-T
100 _aHudson,Alastair
245 4 _aThe law on homelessnes
260 _aPakistan
_bSweet & Maxwell
_c1997
300 _a450
650 _aLaw
999 _c30180
_d30180